000 00320nam a2200121Ia 4500
008 220204s9999 xx 000 0 und d
082 _bLEE
245 0 _aQuantitative mass spectrometry in life scienes.
260 _aAmsterdam
_bElsevier
_c1978
650 _aMass spectrometry
700 _aLEENHEER, A P De
942 _cBK
999 _c31718
_d31718